Klasyfikacja wyrobów a ich nowoczesnosc.
Nové a modernizované výrobky - ich určenie. Kritériá hodnotenia výrobkov. Varianty hodnotenia existujúcich výrobkov. Varianty hodnotenia nových výrobkov. Taxonometrické metódy kvalifikácie výrobkov eliminujú chyby kvalifikácie.
Saved in:
| Main Author: | |
|---|---|
| Format: | Book Chapter |
| Language: | Polish |
| Subjects: | |
| Tags: |
No Tags, Be the first to tag this record!
|
MARC
| LEADER | 00000naa a2200000 4500 | ||
|---|---|---|---|
| 001 | r005156 | ||
| 005 | 20221125122502.0 | ||
| 041 | 0 | |a pol | |
| 044 | |a PL | ||
| 245 | 1 | 0 | |a Klasyfikacja wyrobów a ich nowoczesnosc. |c B. Siuta |
| 520 | |a Nové a modernizované výrobky - ich určenie. Kritériá hodnotenia výrobkov. Varianty hodnotenia existujúcich výrobkov. Varianty hodnotenia nových výrobkov. Taxonometrické metódy kvalifikácie výrobkov eliminujú chyby kvalifikácie. | ||
| 610 | 2 | 0 | |a klasifikácia výrobkov |
| 610 | 2 | 0 | |a výrobky nové |
| 100 | 1 | |a Siuta, B. | |